| 000 | 00668nam a2200217 a 4500 | ||
|---|---|---|---|
| 005 | 20140310183152.0 | ||
| 008 | 021015s19uu xx 00 eng d | ||
| 020 | _a1555426077 | ||
| 050 |
_aLC 268 _b.M64 1994 |
||
| 100 | _aMoffet, James | ||
| 245 |
_aThe Universal schoolhouse : _bspiritual awakening through education / _cJames Moffet. |
||
| 300 |
_a367 p. : _c24 cm. |
||
| 521 | _aEDU | ||
| 650 |
_aMoral education _xUnited States |
||
| 650 |
_aEducation _xsocial aspects |
||
| 650 |
_aCritical pedagogy _xUnited States |
||
| 650 |
_aEducation, Humanities _xUnited States |
||
| 650 |
_aEduc'l change _xUnited States |
||
| 942 |
_cBK _2lcc _kFOR |
||
| 999 |
_c19674 _d19674 |
||